Twenty One Pilots songs (2009-2025) - Statistics

General Stats
  • This quiz has been taken 198 times
  • The average score is 87 of 113
Answer Stats
song % Correct
Ride
95%
Stressed Out
94%
Heavydirtysoul
90%
Overcompensate
90%
Jumpsuit
89%
The Contract
89%
Goner
87%
Holding On To You
87%
Trees
87%
Chlorine
85%
Heathens
85%
Leave The City
85%
Midwest Indigo
85%
Nico And The Niners
85%
Ode To Sleep
85%
Paladin Strait
85%
Redecorate
85%
Truce
85%
Backslide
84%
Bandito
84%
Car Radio
84%
Choker
84%
Doubt
84%
Good Day
84%
Guns For Hands
84%
House Of Gold
84%
House Of Gold (Bonus Track)
84%
Next Semester
84%
Shy Away
84%
Levitate
82%
Navigating
82%
Smithereens
82%
Tear In My Heart
82%
At The Risk Of Feeling Dumb
81%
Implicit Demand For Proof
81%
Johnny Boy
81%
Legend
81%
Level Of Concern
81%
Migraine
81%
My Blood
81%
Neon Gravestones
81%
Saturday
81%
The Craving (Jenna's Version)
81%
The Craving (Single Version)
81%
The Outside
81%
Formidable
79%
Lane Boy
79%
Morph
79%
Ruby
79%
Fairly Local
77%
Fake You Out
77%
Isle Of Flightless Birds
77%
Lavish
77%
Oldies Station
77%
Routines In The Night
77%
The Line
77%
The Pantaloon
77%
We Don't Believe What's On TV
77%
Addict With A Pen
76%
Bounce Man
76%
Drum Show
76%
Mulberry Street
76%
No Chances
76%
Semi-Automatic
76%
Snap Back
76%
The Hype
76%
The Judge
76%
Vignette
76%
Air Catcher
74%
Hometown
74%
Message Man
74%
Pet Cheetah
74%
Screen
74%
Taxi Cab
74%
City Walls
73%
Never Take It
73%
Not Today
73%
A Car, A Torch, A Death
71%
Cancer
71%
Cut My Lip
71%
Kitchen Sink
71%
Oh, Ms. Believer
71%
Polarize
71%
The Run And Go
71%
Christmas Saves The Year
69%
Fall Away
69%
Forest
69%
Intentions
69%
Before You Start Your Day
68%
Glowing Eyes
66%
Slowtown
66%
Trapdoor
66%
Two (Bonus Track)
66%
Anathema
65%
Downstairs
65%
Garbage
65%
RAWFEAR
65%
Friend, Please
63%
March To The Sea
63%
Robot Voices
63%
Clear
60%
Cottonwood
60%
Days Lie Dormant
60%
Lovely
60%
Tally
60%
One Way
58%
Be Concerned
56%
Center Mass
55%
No matching quizzes found
Score Distribution
Percent of People with Each Score
Percentile by Number Answered
Your Score History
You have not taken this quiz